La Segunda guerra mundial : (Registro nro. 6618)
[ vista simple ]
| 000 -LEADER | |
|---|---|
| fixed length control field | 01272nam a22003017a 4500 |
| 003 - CONTROL NUMBER IDENTIFIER | |
| control field | OSt |
| 005 - DATE AND TIME OF LATEST TRANSACTION | |
| control field | 20200302115250.0 |
| 008 - FIXED-LENGTH DATA ELEMENTS--GENERAL INFORMATION | |
| fixed length control field | 200302s1997 sp aob|gr|||| 001 0 spa d |
| 020 ## - INTERNATIONAL STANDARD BOOK NUMBER | |
| International Standard Book Number | 8441306699 |
| 040 ## - CATALOGING SOURCE | |
| Original cataloging agency | CO-JMCR |
| Transcribing agency | CO-JMCR |
| 041 1# - LANGUAGE CODE | |
| Language code of text/sound track or separate title | spa |
| Language code of original | eng |
| 082 #4 - DEWEY DECIMAL CLASSIFICATION NUMBER | |
| Classification number | 940.53 / |
| Item number | D261s |
| 100 1# - MAIN ENTRY--PERSONAL NAME | |
| Personal name | Davis Jr., Franklin M., |
| Relator term | autor |
| 9 (RLIN) | 1039 |
| 245 13 - TITLE STATEMENT | |
| Title | La Segunda guerra mundial : |
| Remainder of title | el paso del Rin II / |
| Statement of responsibility, etc. | Mayor general Franklin M. Davis Jr. ; colaboradores, coronel John R. Elting, Charles B. Macdonald ; traducción, Domingo Santos |
| 260 ## - PUBLICATION, DISTRIBUTION, ETC. | |
| Place of publication, distribution, etc. | Barcelona (España) : |
| Name of publisher, distributor, etc. | Folio, |
| Date of publication, distribution, etc. | 1997 |
| 300 ## - PHYSICAL DESCRIPTION | |
| Extent | 207 páginas : |
| Other physical details | ilustraciones, fotografías, mapas a blanco y negro ; |
| Dimensions | 31 cm. |
| 500 ## - GENERAL NOTE | |
| General note | Titulo original: Across the Rhine. |
| 500 ## - GENERAL NOTE | |
| General note | incluye notas a pie de paginas. |
| 504 ## - BIBLIOGRAPHY, ETC. NOTE | |
| Bibliography, etc. note | Bibliografía paginas 202. |
| 505 ## - FORMATTED CONTENTS NOTE | |
| Formatted contents note | Asalto a la <<Fortaleza del Ruhr>> -- Persecución hasta el Elba -- Venciendo la ultima barrera -- |
| 546 ## - LANGUAGE NOTE | |
| Language note | traducido del inglés |
| 650 24 - SUBJECT ADDED ENTRY--TOPICAL TERM | |
| Topical term or geographic name entry element | Segunda guerra mundial |
| General subdivision | historia |
| 9 (RLIN) | 1040 |
| 650 24 - SUBJECT ADDED ENTRY--TOPICAL TERM | |
| Topical term or geographic name entry element | Segunda guerra mundial |
| General subdivision | fotografías |
| 9 (RLIN) | 1041 |
| 700 1# - ADDED ENTRY--PERSONAL NAME | |
| Personal name | Elting, Jonh R., |
| Relator term | colaborador |
| 9 (RLIN) | 1042 |
| 700 1# - ADDED ENTRY--PERSONAL NAME | |
| Personal name | Macdonald, Charles B., |
| Relator term | colaborador |
| 9 (RLIN) | 1043 |
| 700 1# - ADDED ENTRY--PERSONAL NAME | |
| Personal name | Santos, Domingo, |
| Relator term | traductor |
| 9 (RLIN) | 134 |
| 942 ## - ADDED ENTRY ELEMENTS (KOHA) | |
| Source of classification or shelving scheme | Dewey Decimal Classification |
| Koha item type | Books |
| Withdrawn status | Lost status | Source of classification or shelving scheme | Damaged status | Not for loan | Home library | Current library | Shelving location | Date acquired | Source of acquisition | Cost, normal purchase price | Total Checkouts | Full call number | Barcode | Date last seen | Date last checked out | Copy number | Price effective from | Koha item type |
|---|---|---|---|---|---|---|---|---|---|---|---|---|---|---|---|---|---|---|
| Dewey Decimal Classification | Biblioteca Pública José María del Castillo y Rada | Biblioteca Pública José María del Castillo y Rada | Processing Center | 12/19/2019 | Donación | 0.00 | 3 | 940.53 / D261s | 201809183 | 07/22/2025 | 07/21/2025 | Ej.1 | 03/02/2020 | Books |